| 000 | 00590nam a2200205Ia 4500 | ||
|---|---|---|---|
| 005 | 20250923145359.0 | ||
| 008 | 008 250917s9999 xx 000 0 eng d | ||
| 037 | _aTextual | ||
| 040 |
_aDSWL _beng _cDSWL |
||
| 041 |
_aeng _2eng |
||
| 084 |
_aW61.2, N57 _qDSWL |
||
| 100 |
_aMorris Jones, W.H. _9834699 |
||
| 245 | 0 |
_aParliament in India _c by W.H. Morris Jones |
|
| 260 |
_aPhiladelphia _bUniversity of Pennsylvania Press _c1957 |
||
| 300 | _axi,417 p. | ||
| 365 |
_aUSD _b8 . 50 |
||
| 925 | _g8 . 50 | ||
| 942 |
_cTEXL _hW61.2, N57 |
||
| 999 |
_c1450684 _d1450684 |
||